Statistics for Surnames By Country Of Origin - Extreme

Click here to take the quiz!

General Stats

  • This quiz has been taken 65 times
  • The average score is 33 of 50

Answer Stats

SurnameCountry% Correct
ZhangChina
98%
SchneiderGermany
98%
PapadopoulosGreece
98%
SmithUnited Kingdom
98%
RossiItaly
96%
GonzálezSpain
96%
KuznetsovRussia
93%
NguyễnVietnam
93%
SinghIndia
91%
KimKorea
91%
JohanssonSweden
91%
LewandowskiPoland
89%
TanakaJapan
88%
Al-SaudSaudi Arabia
88%
ÖztürkTurkey
88%
HansenDenmark
86%
BonnetFrance
86%
MarinescuRomania
84%
de VriesNetherlands
82%
SantosPortugal
82%
JärvinenFinland
80%
StojkovićSerbia
80%
AhmedEgypt
77%
PhanthongThailand
77%
TkachenkoUkraine
77%
HalldórssonIceland
71%
FarahaniIran
71%
de WaeleBelgium
64%
DavitashviliGeorgia
61%
PetrauskasLithuania
61%
SzabóHungary
59%
NovotnýCzech Republic
57%
StoykovBulgaria
55%
ArutyunianArmenia
54%
KhurelbaatarMongolia
54%
El MahdaouiMorocco
54%
KalniņšLatvia
45%
SuleimenovKazakhstan
43%
MustafayevAzerbaijan
39%
HættaNorway
36%
NdiayeSenegal
36%
KrasniqiAlbania
34%
GebremariamEthiopia
32%
KallasEstonia
29%
SetiawanIndonesia
29%
HlaingMyanmar
25%
TūtakiNew Zealand
16%
HuamanPeru / Bolivia
11%
NdlovuSouth Africa
11%
ChamorroParaguay
7%

Score Distribution

Percentile by Number Answered

Percent of People with Each Score

Your Score History

You have not taken this quiz